Statistics for Guess the plant

Click here to take the quiz!

General Stats

  • This quiz has been taken 5 times
  • The average score is 12 of 40

Answer Stats

Answer% Correct
Rose
100%
Rosemary
100%
Lavender
80%
Bamboo
60%
Basil
60%
Cactus
60%
Daffodil/Narcissus
60%
Daisy
60%
Lotus
60%
Poppy
60%
Bluebell
40%
Cattails
40%
Chives
40%
Coriander
40%
Dandelion
40%
Orchid
40%
Parsley
40%
Peppermint
40%
Rhododendron
40%
Aloe Vera
20%
Crocus
20%
Dill
20%
Forget-me-not
20%
Hibiscus
20%
Iris
20%
Jasmine
20%
Snowdrop
20%
Aster
0%
Calendula
0%
Chinese Money
0%
Dahlia
0%
Echinacea
0%
Foxglove
0%
Hyacinth
0%
Hydrangea
0%
Monstera
0%
Red Basil
0%
Saffron
0%
Sage
0%
Thistle
0%

Score Distribution

Percentile by Number Answered

Percent of People with Each Score

Your Score History

You have not taken this quiz